Регионална библиотека "Любен Каравелов" - Русе

Доказателство за жизненост (Запис номер 495701)

MARC детайли
000 -Лидер
Лидер 01464aaa a2200253 a 4500
003 - Код на организацията, давaща контролен номер
Код на организацията, даваща контролен номер BLK
005 - Дата и час на последна редакция
Дата и час на последна редакция 20240410131446.0
007 - Фиксирано поле за физическо описани
Физическо описание ta
008 - Елементи от данни с фиксирана дължина
Елементи с фиксирана дължина 221104b bu |||||r|||| 00| | bu d
040 ## - Източник на каталожния запис
Код на библиотеката BLK
041 ## - Код за език
Език Български
Език за КДБФ Български
080 ## - УДК
УДК текст Музика
УДК код 78
УДК – определител (497.215)
УДК – код + определител 78(497.215)
080 ## - УДК
УДК текст Фестивали, музикални празнества
УДК код 7.091.4
УДК – определител (497.215)
УДК – код + определител 7.091.4(497.215)
100 ## - Редна дума - Автор
Автор Василева, Красимира Николова
Години, свързани с автора 1952-
Биография на автора Поет, публицист, литературна критика. Журналист във вестник Утро (Дунавска правда)
R(LIN) 479333
245 ## - Сведения за заглавието
Заглавие Доказателство за жизненост
Авторска отговорност Красимира Василева
300 ## - Физическа характеристика
Брой страници № 62, 30 март 1991, с. 1.
520 ## - Забележка за наличие на резюме, анотация и т.н
Анотация, рецензия Концерт на Русенската филхармония с диригент Алексей Измирлиев. ХХХІ Мартенски музикални дни 17 март - 31 март 1991
653 ## - Ключова дума – ненормативна
9 (RLIN) 191269
Ключови думи ММД
773 0# - Описание на основна библиографска единица при аналитични записи (многотомни)
Заглавие на източника УТРО
Международен стандартен номер на серията ISSN 1311-9397
Място на издаване, издател и година Пресгрупа Утро 1990
Редна дума на основното описание Пресгрупа Утро ЕООД
Контролен номер на записа 292727
Информация за връзката . //
856 ## - Електронен адрес и достъп
Инструкция (цена за достъп) 0.00
Права за достъп Достъп само през служебен интерфейс
Име на файла (електронен носител) Доказателство за жизненост
Електронен формат pdf - файл
Път до файла (ресурса) http://185.138.176.146:18082/cgi-bin/koha/opac-retrieve-file.pl?id=d2857cf56e046b1fc7cfd23310258eb8
Допълнителна информация (Корица, съдържание, пълен текст, звуков файл, HTML файл) Електронна книга
942 ## - АРТИКУЛИ
Източник на класификационната схема Universal Decimal Classification
Вид на библиотечния документ Статия
Скрит в OPAC Не
944 ## - СЪЗДАВАНЕ И РЕДАКЦИЯ на ЗАПИСА
Дата на регистрацията/редакция Валя Йорданова
Служител, извършил регистрацията/редакцията 30560
Номер на служител Геновева Генчева
999 ## - СИСТЕМНИ КОНТРОЛНИ НОМЕРА
Koha biblionumber 495701
Koha biblioitemnumber 495701
999 ## - СИСТЕМНИ КОНТРОЛНИ НОМЕРА
Koha biblioitemnumber 495701

Няма налични копия.

Vip Innovations Ltd, Rousse, Bulgaria 2025